Assured Shorthold Tenancy Notices and Prescribed Requirements (England) (Amendment) Regulations 2015 (Record no. 115582)
[ view plain ]
| 000 -LEADER | |
|---|---|
| fixed length control field | 01630cad a22002655a 4500 |
| 001 - CONTROL NUMBER | |
| control field | L158904 |
| 008 - FIXED-LENGTH DATA ELEMENTS--GENERAL INFORMATION | |
| fixed length control field | 150923s2015 xxk f 000 0 eng d |
| 020 ## - INTERNATIONAL STANDARD BOOK NUMBER | |
| International Standard Book Number | 9780111139080 |
| 035 ## - SYSTEM CONTROL NUMBER | |
| System control number | (Sirsi) u158904 |
| 041 0# - LANGUAGE CODE | |
| Language code of text/sound track or separate title | eng |
| 110 2# - MAIN ENTRY--CORPORATE NAME | |
| Corporate name or jurisdiction name as entry element | United Kingdom |
| Form subheading | Laws, etc |
| 9 (RLIN) | 5044 |
| 245 00 - TITLE STATEMENT | |
| Title | Assured Shorthold Tenancy Notices and Prescribed Requirements (England) (Amendment) Regulations 2015 |
| Medium | [electronic resource] |
| 260 ## - PUBLICATION, DISTRIBUTION, ETC. | |
| Place of publication, distribution, etc. | London |
| Name of publisher, distributor, etc. | Stationery Office Ltd |
| Date of publication, distribution, etc. | 2015 |
| 490 #0 - SERIES STATEMENT | |
| Series statement | SI |
| Volume/sequential designation | 2015:1725 |
| 520 ## - SUMMARY, ETC. | |
| Summary, etc. | Sets out a new prescribed s21 form required for giving notice under section 21 (1) or (4) of the Housing Act 1988 informing a tenant that the landlord intends to seek recovery of possession of a property let on an assured shorthold tenancy. In order to use the 'no-fault' s21 Notice to terminate a tenancy, the tenant must have been given copies of an energy performance certificate, gas safety certificate and a copy of the DCLG's booklet "How to rent: the checklist for renting in England". Effective from 1 October 2015. |
| 520 ## - SUMMARY, ETC. | |
| Summary, etc. | Amended Assured Shorthold Tenancy Notices and Prescribed Requirements (England) Regulations 2015 SI 2015: 1646 which had an error and were withdrawn. |
| 590 ## - LOCAL NOTE (RLIN) | |
| Local note | KA |
| 650 24 - SUBJECT ADDED ENTRY--TOPICAL TERM | |
| Topical term or geographic name entry element | ASSURED SHORTHOLD TENANCY NOTICES AND PRESCRIBED REQUIREMENTS (ENGLAND) (AMENDMENT) REGULATIONS 2015 |
| 650 24 - SUBJECT ADDED ENTRY--TOPICAL TERM | |
| Topical term or geographic name entry element | HOUSING ACT 1988 S21 |
| 651 #4 - SUBJECT ADDED ENTRY--GEOGRAPHIC NAME | |
| Geographic name | England |
| Chronological subdivision | 886- |
| 690 ## - LOCAL SUBJECT ADDED ENTRY--TOPICAL TERM (OCLC, RLIN) | |
| Topical term or geographic name as entry element | Residential property |
| 9 (RLIN) | 6266 |
| 690 ## - LOCAL SUBJECT ADDED ENTRY--TOPICAL TERM (OCLC, RLIN) | |
| Topical term or geographic name as entry element | Landlord and tenant |
| 9 (RLIN) | 6252 |
| 856 48 - ELECTRONIC LOCATION AND ACCESS | |
| Uniform Resource Identifier | <a href="https://www.legislation.gov.uk/uksi/2015/1725/contents/made">https://www.legislation.gov.uk/uksi/2015/1725/contents/made</a> |
| Public note | View this item free of charge at www.legislation.gov.uk |
| 942 ## - ADDED ENTRY ELEMENTS (KOHA) | |
| Suppress in OPAC | 0 |
| Withdrawn status | Lost status | Source of classification or shelving scheme | Damaged status | Not for loan | Home library | Current library | Shelving location | Date acquired | Total Checkouts | Full call number | Barcode | Date last seen | Copy number | Price effective from | Koha item type |
|---|---|---|---|---|---|---|---|---|---|---|---|---|---|---|---|
| Dewey Decimal Classification | Virtual | Virtual | Online | 23/09/2015 | ONLINE PUBLICATION | 158904-2001 | 06/08/2019 | 1 | 06/08/2019 | Book |